| 000 | 00449nam a22001697a 4500 | ||
|---|---|---|---|
| 005 | 20251108164736.0 | ||
| 008 | 250721s9999 xx 000 0 ara d | ||
| 082 | 1 | 4 | _a808.5/أحم |
| 100 | 1 | _aالحوفي، أحمد محمد | |
| 245 | 1 | 0 | _aفن الخطابة / |
| 250 | _aط4. | ||
| 264 | 1 |
_aالكويت : _bدار الكتاب الحديث، _c[19-]. |
|
| 300 | _a267ص | ||
| 650 | 1 | 7 | _aالخطابة |
| 942 |
_2ddc _cBK |
||
| 999 |
_c13234 _d13234 |
||